| 000 -LEADER |
| fixed length control field |
02914 a2200241 4500 |
| 020 ## - INTERNATIONAL STANDARD BOOK NUMBER |
| International Standard Book Number |
0030206332 |
| 020 ## - INTERNATIONAL STANDARD BOOK NUMBER |
| International Standard Book Number |
9780030206337 |
| 082 04 - DEWEY DECIMAL CLASSIFICATION NUMBER |
| Classification number |
332 |
| 090 ## - LOCALLY ASSIGNED LC-TYPE CALL NUMBER (OCLC); LOCAL CALL NUMBER (RLIN) |
| -- |
2117 |
| -- |
2117 |
| 100 1# - MAIN ENTRY--PERSONAL NAME |
| Personal name |
Hutt, Michael D. |
| 245 10 - TITLE STATEMENT |
| Title |
Business marketing management : |
| Remainder of title |
a strategic view of industrial & organizational markets / |
| Statement of responsibility, etc. |
Michael D. Hutt. |
| 250 ## - EDITION STATEMENT |
| Edition statement |
6th ed. |
| 260 ## - PUBLICATION, DISTRIBUTION, ETC. |
| Place of publication, distribution, etc. |
[S.l.] : |
| Name of publisher, distributor, etc. |
Dryden Pr, |
| Date of publication, distribution, etc. |
1997. |
| 300 ## - PHYSICAL DESCRIPTION |
| Extent |
816 p. ; |
| Dimensions |
24 cm. |
| 490 1# - SERIES STATEMENT |
| Series statement |
The dryden press series in marketing. |
| 500 ## - GENERAL NOTE |
| General note |
Hardcover. |
| 520 ## - SUMMARY, ETC. |
| Summary, etc. |
Providing the most current and complete treatment of business-to-business marketing, this comprehensive market leader captures and integrates the latest developments in market analysis, relationship management, supply chain management, and marketing strategy development. Popular in both the United States and Europe since its first edition, the text provides expanded treatment of relationship strategies, the technology adoption life cycle, strategy formulation in high-tech industries, new product and service development for business markets, and Internet strategies. Features: * Highlighting the similarities and emphasizing the differences between consumer goods and business-to-business marketing, Business Marketing Management focuses on market analysis, organizational buying behaviour, relationship management, and the ensuing adjustments required in the marketing strategy elements used to reach organizational customers. * The authors present a managerial rather than descriptive treatment of business marketing, tying text material directly to business marketing management decision making. * A well-balanced mix of cases enables instructors to tailor the course to their own students and teaching preferences. The cases, which vary in length, feature such prominent companies as Hewlett-Packard and PeopleSoft. * Chapter review questions are integrated with learning objectives and emphasize key issues in each chapter. New to this edition: * Relationship marketing coverage has been expanded with the completely revised and rewritten Chapter 4 relationship strategies for business markets. * A stronger, more in-depth emphasis on the dynamic high-tech market includes Chapter 8's new coverage of marketing strategy formulation. Additionally, Chapter 10 highlights the technology adoption life cycle and marketing strategies for high-tech products, providing students with a framework for understanding the strategies behind successful high-tech product launches. * An operational treatment of the marketing control process integrates the central themes of the text. |
| 700 1# - ADDED ENTRY--PERSONAL NAME |
| Personal name |
Speh, Thomas W. |
| 830 #4 - SERIES ADDED ENTRY--UNIFORM TITLE |
| Uniform title |
The dryden press series in marketing. |
| 856 40 - ELECTRONIC LOCATION AND ACCESS |
| Materials specified |
Amazon.com |
| Uniform Resource Identifier |
<a href="http://www.amazon.com/exec/obidos/ASIN/0030206332/chopaconline-20">http://www.amazon.com/exec/obidos/ASIN/0030206332/chopaconline-20</a> |
| 856 40 - ELECTRONIC LOCATION AND ACCESS |
| Materials specified |
Amazon customer reviews |
| Uniform Resource Identifier |
<a href="http://www.chopac.org/cgi-bin/tools/azrev.pl?q=0030206332">http://www.chopac.org/cgi-bin/tools/azrev.pl?q=0030206332</a> |
| 942 ## - ADDED ENTRY ELEMENTS (KOHA) |
| Institution code [OBSOLETE] |
NBS |
| Koha item type |
Book |
| Call number prefix |
658.234 HUT |